书目信息 |
| 题名: |
中国文学批评史
|
|
| 作者: | 罗根泽 著 | |
| 分册: | 一 | |
| 出版信息: | 上海 上海古籍出版社 1984.3 |
|
| 页数: | 214页 | |
| 开本: | 20cm | |
| 丛书名: | ||
| 单 册: | ||
| 中图分类: | I206.09 | |
| 科图分类: | ||
| 主题词: | 文学--中国 | |
| 电子资源: | ||
| ISBN: | ||
| 000 | 00557nam0 2200205 45 | |
| 001 | 0312221749 | |
| 005 | 20040422155309.0 | |
| 010 | @dCNY0.95 | |
| 091 | @a10186.429 | |
| 100 | @a20031222d1984 km y0chiy0120 ea | |
| 101 | @achi | |
| 105 | @a z 000yy | |
| 200 | 1 | @a中国文学批评史@h一@AZhong Guo Wen Xue Pi Ping Shi@f罗根泽著@FLuo Gen Ze Zhu |
| 210 | @a上海@c上海古籍出版社@d1984.3 | |
| 215 | @a214页@d20cm | |
| 606 | 0 | @a文学@x中国 |
| 690 | @aI206.09@v3 | |
| 701 | 0 | @a罗根泽@4著 |
| 801 | @aCN@bTSTCL@c20031222 | |
| 905 | @dI206.09@e4:1@f3@b121119-121 | |
| 中国文学批评史.一/罗根泽著.-上海:上海古籍出版社,1984.3 |
| 214页;20cm |
| ISBN :CNY0.95 |
| ● |
| 相关链接 |
|
|
|
|
正题名:中国文学批评史
索取号:I206.09/4:1
 
预约/预借
| 序号 | 登录号 | 条形码 | 馆藏地/架位号 | 状态 | 备注 |
| 1 | 0121118 | 001621702 | 密集书库/ [索取号:I206.09/4:1] | 在馆 | |
| 2 | 0121119 | 000668129 | 第一样本阅览室/ [索取号:I206.09/4:1] | 在馆 | |
| 3 | 0121120 | 000668165 | 第二借阅区/ [索取号:I206.09/4:1] | 在馆 | |
| 4 | 0121121 | 000668156 | 第二借阅区/ [索取号:I206.09/4:1] | 在馆 | |
| 5 | 0121122 | 001621686 | 密集书库/ [索取号:I206.09/4:1] | 在馆 |